000 00482nam a2200181Ia 4500
003 GCL
008 140319s9999 xx 000 0 eng d
040 _aGCL /
_cGCL
082 0 4 _a658.4
_bQ M
100 1 _aGRAY, EDMUND R.
245 1 0 _aMANAGEMENT: THE COMPETITIVE EDGE /
_cGRAY, EDMUND R.
700 1 _aSMELTZER, LARRY R.
260 _a[S.N] :
_bMACMILLAN PUBLBISHING COMPANY ،
_c1989
300 _a833 P
650 0 4 _aMANAGEMENT
650 0 4 _aCOMPITITIVE
942 _2ddc
_cBK
999 _c19632
_d19632